[Event "BCF-chT3S 1314 (4NCL)"]
[Site "England"]
[Date "2013.11.16"]
[Round "1.95"]
[White "Piper, Stephen J"]
[Black "Dekker, Alain"]
[Result "1-0"]
[WhiteElo "2042"]
[BlackElo "2064"]
[PlyCount "119"]
[EventDate "2013.11.16"]
[EventType "team-swiss"]
[EventRounds "6"]
[EventCountry "ENG"]
[SourceTitle "CBM 157 Extra"]
[Source "ChessBase"]
[SourceDate "2013.12.19"]
[SourceVersion "1"]
[SourceVersionDate "2013.12.19"]
[SourceQuality "1"]
[WhiteTeam "The Rookies"]
[BlackTeam "BCM Bison IV"]
[WhiteTeamCountry "ENG"]
[BlackTeamCountry "ENG"]

1. Nf3 f5 2. c4 Nf6 3. Nc3 e6 4. g3 Be7 5. Bg2 0-0 6. d4 d6 7. 0-0 a5 8. Re1 Nc6 9. d5 Nb4 10. a3 Na6 11. dxe6 Bxe6 12. Nd4 Bc8 13. b4 Rb8 14. Rb1 Kh8 15. Nd5 Ng4 16. Nf4 Rf6 17. Nd5 Rf8 18. Qc2 Bf6 19. Nf3 Bd7 20. Nxf6 Qxf6 21. Bb2 Qh6 22. h3 Nf6 23. Bc1 Qh5 24. Nh4 Qf7 25. Nxf5 axb4 26. axb4 Nh5 27. e4 Bxf5 28. exf5 b6 29. Bd5 Qd7 30. g4 Nf6 31. Bf3 c5 32. Bd2 cxb4 33. Bxb4 Nc5 34. Bc3 h6 35. h4 Nh7 36. Bg2 b5 37. cxb5 Rxb5 38. Rxb5 Qxb5 39. Qd2 Qd3 40. Qxd3 Nxd3 41. Re7 Nf6 42. Bf3 Rc8 43. Bxf6 gxf6 44. Kg2 Ne5 45. Re6 Rc3 46. Bd1 Rd3 47. Be2 Rd2 48. Kf1 Kg7 49. Ke1 Rd4 50. f3 h5 51. g5 Rxh4 52. Rxf6 Rf4 53. Kd2 d5 54. Ke3 Rb4 55. Rd6 Nf7 56. Rd7 Kf8 57. g6 Rb3+ 58. Kd4 Ng5 59. f6 Ke8 60. Re7+ 1-0

[Event "BCF-chT3 1213 (4NCL)"]
[Site "England"]
[Date "2013.05.06"]
[Round "11.106"]
[White "Pedersen, Carsten"]
[Black "Dekker, Alain"]
[Result "1-0"]
[WhiteElo "2134"]
[BlackElo "2097"]
[PlyCount "43"]
[EventDate "2012.11.03"]
[EventType "team-swiss"]
[EventRounds "11"]
[EventCountry "ENG"]
[SourceTitle "EXT 2014"]
[Source "ChessBase"]
[SourceDate "2013.11.20"]
[SourceVersion "1"]
[SourceVersionDate "2013.11.20"]
[SourceQuality "1"]
[WhiteTeam "Celtic Tigers"]
[BlackTeam "BCM Rhinos II"]
[WhiteTeamCountry "ENG"]
[BlackTeamCountry "ENG"]

1. e4 c5 2. Nc3 d6 3. g3 e6 4. Bg2 Nf6 5. Nge2 a6 6. 0-0 Qc7 7. d3 Nc6 8. a4 b6 9. h3 h5 10. f4 Bb7 11. Be3 Be7 12. f5 e5 13. Nd5 Nxd5 14. exd5 Na7 15. c4 0-0-0 16. b4 Kb8 17. a5 b5 18. bxc5 dxc5 19. Nc3 Bc8 20. Qf3 Bd6 21. Ne4 b4 22. Qf2 1-0

[Event "BCF-chT3 1213 (4NCL)"]
[Site "England"]
[Date "2013.05.05"]
[Round "10.95"]
[White "Wallace, Paul Anthony"]
[Black "Dekker, Alain"]
[Result "1-0"]
[WhiteElo "2192"]
[BlackElo "2097"]
[PlyCount "57"]
[EventDate "2012.11.03"]
[EventType "team-swiss"]
[EventRounds "11"]
[EventCountry "ENG"]
[SourceTitle "EXT 2014"]
[Source "ChessBase"]
[SourceDate "2013.11.20"]
[SourceVersion "1"]
[SourceVersionDate "2013.11.20"]
[SourceQuality "1"]
[WhiteTeam "Cheddleton II"]
[BlackTeam "BCM Rhinos II"]
[WhiteTeamCountry "ENG"]
[BlackTeamCountry "ENG"]

1. e4 c5 2. Nf3 d6 3. d4 cxd4 4. Nxd4 Nf6 5. Nc3 a6 6. Be3 e6 7. Qd2 Qc7 8. 0-0-0 Nbd7 9. f3 Be7 10. g4 Ne5 11. g5 Nfd7 12. f4 Nc4 13. Qd3 Nxe3 14. Qxe3 h6 15. g6 Ne5 16. gxf7+ Kxf7 17. Rg1 Nc4 18. Qg3 Bf6 19. Bxc4 Qxc4 20. e5 dxe5 21. Ne4 Qxa2 22. Nxf6 g5 23. fxg5 Qa1+ 24. Kd2 Qa5+ 25. Ke2 exd4 26. gxh6 Qb5+ 27. Ke1 Qa5+ 28. c3 dxc3 29. Qg7# 1-0

[Event "BCF-chT4 0708 (4NCL)"]
[Site "England"]
[Date "2008.05.05"]
[Round "11.3"]
[White "Dekker, Alain"]
[Black "Ross, Chris Neil"]
[Result "0-1"]
[WhiteElo "2121"]
[BlackElo "2146"]
[PlyCount "48"]
[EventDate "2007.09.15"]
[EventType "team-swiss"]
[EventRounds "11"]
[EventCountry "ENG"]
[SourceTitle "EXT 2009"]
[Source "ChessBase"]
[SourceDate "2008.11.26"]
[SourceVersion "1"]
[SourceVersionDate "2008.11.26"]
[SourceQuality "1"]
[WhiteTeam "Guildford IV"]
[BlackTeam "Braille Chess Association"]
[WhiteTeamCountry "ENG"]
[BlackTeamCountry "ENG"]

1. e4 c5 2. Nf3 e6 3. d4 cxd4 4. Nxd4 Nc6 5. Nc3 Qc7 6. Be2 a6 7. Be3 b5 8. Qd2 Bb7 9. 0-0-0 Nf6 10. f3 Bb4 11. a3 Be7 12. g4 d6 13. h4 b4 14. axb4 Nxb4 15. g5 Nd7 16. h5 Rc8 17. g6 Bf6 18. Kb1 h6 19. f4 Nc5 20. Ndb5 axb5 21. Nxb5 Qa5 22. Nxd6+ Kf8 23. Bc4 Ra8 24. Bxc5 Qa1# 0-1

[Event "BCF-chT4 0708 (4NCL)"]
[Site "England"]
[Date "2008.05.04"]
[Round "10.3"]
[White "Purdon, Colin"]
[Black "Dekker, Alain"]
[Result "1/2-1/2"]
[WhiteElo "2093"]
[BlackElo "2121"]
[PlyCount "30"]
[EventDate "2007.09.15"]
[EventType "team-swiss"]
[EventRounds "11"]
[EventCountry "ENG"]
[SourceTitle "EXT 2009"]
[Source "ChessBase"]
[SourceDate "2008.11.26"]
[SourceVersion "1"]
[SourceVersionDate "2008.11.26"]
[SourceQuality "1"]
[WhiteTeam "AMCA Dragons"]
[BlackTeam "Guildford IV"]
[WhiteTeamCountry "ENG"]
[BlackTeamCountry "ENG"]

1. d4 f5 2. e4 fxe4 3. Nc3 Nf6 4. Bg5 c6 5. Bxf6 exf6 6. Nxe4 d5 7. Ng3 Qe7+ 8. Qe2 Kf7 9. 0-0-0 Qxe2 10. Bxe2 a5 11. Nf3 b5 12. Ne1 Na6 13. Nd3 Nb4 14. c3 Nxd3+ 15. Bxd3 g6 1/2-1/2

[Event "BCF-chT4 0708 (4NCL)"]
[Site "England"]
[Date "2008.05.03"]
[Round "9.3"]
[White "Dekker, Alain"]
[Black "Auckland, Elliott"]
[Result "1/2-1/2"]
[WhiteElo "2121"]
[BlackElo "1979"]
[PlyCount "54"]
[EventDate "2007.09.15"]
[EventType "team-swiss"]
[EventRounds "11"]
[EventCountry "ENG"]
[SourceTitle "EXT 2009"]
[Source "ChessBase"]
[SourceDate "2008.11.26"]
[SourceVersion "1"]
[SourceVersionDate "2008.11.26"]
[SourceQuality "1"]
[WhiteTeam "Guildford IV"]
[BlackTeam "Conquistadors"]
[WhiteTeamCountry "ENG"]
[BlackTeamCountry "ENG"]

1. e4 c5 2. Nf3 e6 3. d4 cxd4 4. Nxd4 a6 5. c4 Be7 6. Nc3 d6 7. Be2 Nf6 8. 0-0 0-0 9. Be3 Qc7 10. Rc1 b6 11. f4 Bb7 12. Bf3 Nbd7 13. Nb3 Rac8 14. Nd2 Qb8 15. Qe2 Bc6 16. g4 b5 17. g5 Ne8 18. Rfe1 b4 19. Nd1 Nc5 20. Bxc5 dxc5 21. e5 Bxf3 22. Qxf3 Qb6 23. Nf2 Rd8 24. Nde4 f6 25. exf6 gxf6 26. Qh3 f5 27. Ng3 Rd4 1/2-1/2

[Event "BCF-chT4 0708 (4NCL)"]
[Site "England"]
[Date "2007.11.25"]
[Round "4.1"]
[White "Dekker, Alain"]
[Black "Jones, William EG"]
[Result "0-1"]
[WhiteElo "2124"]
[BlackElo "1986"]
[PlyCount "108"]
[EventDate "2007.09.15"]
[EventType "team-swiss"]
[EventRounds "11"]
[EventCountry "ENG"]
[SourceTitle "EXT 2009"]
[Source "ChessBase"]
[SourceDate "2008.11.26"]
[SourceVersion "1"]
[SourceVersionDate "2008.11.26"]
[SourceQuality "1"]
[WhiteTeam "Guildford IV"]
[BlackTeam "KJCA Kings"]
[WhiteTeamCountry "ENG"]
[BlackTeamCountry "ENG"]

1. e4 c5 2. Nf3 d6 3. d4 cxd4 4. Nxd4 Nf6 5. Nc3 a6 6. g4 Bxg4 7. f3 Bd7 8. Bg5 Nc6 9. Nb3 Rc8 10. Qd2 Ne5 11. Qf2 b5 12. 0-0-0 Nc4 13. Bxc4 bxc4 14. Nd2 Be6 15. f4 Qa5 16. f5 Bd7 17. Rhf1 Ng4 18. Qg3 Ne5 19. Nf3 f6 20. Be3 Rb8 21. Rd5 Qb4 22. Nxe5 dxe5 23. Bc5 Qxb2+ 24. Kd2 Qb7 25. Qg4 g6 26. Rb1 Bh6+ 27. Ke2 Qc8 28. Bb6 0-0 29. Rc5 Qe8 30. Nd5 e6 31. Nc7 exf5 32. exf5 Qe7 33. Qxc4+ Kh8 34. fxg6 hxg6 35. Nxa6 Rbc8 36. Nc7 Bf5 37. Rc6 e4 38. Bc5 Qe5 39. Bd6 Qa5 40. Bb4 Qe5 41. Bd6 Bg4+ 42. Ke1 Qg5 43. Qc3 Bd7 44. Bc5 e3 45. Bxf8 Qg1+ 46. Ke2 Qg2+ 47. Kd3 Bf5+ 48. Kd4 Qe4+ 49. Kc5 Bxf8+ 50. Kb6 Rb8+ 51. Ka7 Rxb1 52. Qxf6+ Kg8 53. c4 e2 54. Re6 Qb7# 0-1

[Event "BCF-chT4 0708 (4NCL)"]
[Site "England"]
[Date "2007.10.28"]
[Round "2.1"]
[White "Chapman, Graham"]
[Black "Dekker, Alain"]
[Result "1-0"]
[WhiteElo "2040"]
[BlackElo "2124"]
[PlyCount "57"]
[EventDate "2007.09.15"]
[EventType "team-swiss"]
[EventRounds "11"]
[EventCountry "ENG"]
[SourceTitle "EXT 2009"]
[Source "ChessBase"]
[SourceDate "2008.11.26"]
[SourceVersion "1"]
[SourceVersionDate "2008.11.26"]
[SourceQuality "1"]
[WhiteTeam "Oxford III"]
[BlackTeam "Guildford IV"]
[WhiteTeamCountry "ENG"]
[BlackTeamCountry "ENG"]

1. e4 c5 2. Nf3 d6 3. d4 cxd4 4. Nxd4 Nf6 5. Nc3 a6 6. Bg5 e6 7. f4 Qb6 8. Qd2 Qxb2 9. Nb3 Qa3 10. Be2 Nc6 11. 0-0 Be7 12. Bf3 Qb4 13. Qe3 Bd8 14. Kh1 Qb6 15. Qd3 Qc7 16. Rad1 Be7 17. Rfe1 0-0 18. e5 dxe5 19. Bxc6 bxc6 20. fxe5 Nd5 21. Bxe7 Nxe7 22. Qd6 Qxd6 23. exd6 Nd5 24. Ne4 Rd8 25. Na5 f5 26. Nc5 Rxd6 27. c4 Bd7 28. cxd5 cxd5 29. Nc4 1-0

[Event "BCF-chT2 0607 (4NCL)"]
[Site "Sunningdale"]
[Date "2007.03.04"]
[Round "8.5"]
[White "Dekker, Alain"]
[Black "Hodgson, John H"]
[Result "1/2-1/2"]
[WhiteElo "2144"]
[BlackElo "2225"]
[PlyCount "25"]
[EventDate "2006.09.16"]
[EventType "team"]
[EventRounds "11"]
[EventCountry "ENG"]
[SourceTitle "EXT 2008"]
[Source "ChessBase"]
[SourceDate "2007.11.25"]
[SourceVersion "1"]
[SourceVersionDate "2007.11.25"]
[SourceQuality "1"]
[WhiteTeam "Guildford III"]
[BlackTeam "Barbican II"]
[WhiteTeamCountry "ENG"]
[BlackTeamCountry "ENG"]

1. e4 c5 2. Nf3 Nc6 3. d4 cxd4 4. Nxd4 g6 5. Nxc6 bxc6 6. Qd4 Nf6 7. e5 Nd5 8. e6 f6 9. exd7+ Qxd7 10. Be2 Qe6 11. Kf1 Bg7 12. Nc3 0-0 13. Bc4 1/2-1/2

[Event "BCF-chT3 0607 (4NCL)"]
[Site "Sunningdale"]
[Date "2007.03.03"]
[Round "7.3"]
[White "Lyell, Mark"]
[Black "Dekker, Alain"]
[Result "1-0"]
[WhiteElo "2212"]
[BlackElo "2144"]
[PlyCount "81"]
[EventDate "2006.09.16"]
[EventType "team"]
[EventRounds "11"]
[EventCountry "ENG"]
[SourceTitle "EXT 2008"]
[Source "ChessBase"]
[SourceDate "2007.11.25"]
[SourceVersion "1"]
[SourceVersionDate "2007.11.25"]
[SourceQuality "1"]
[WhiteTeam "NW Eagles II"]
[BlackTeam "Guildford IV"]
[WhiteTeamCountry "ENG"]
[BlackTeamCountry "ENG"]

1. e4 c5 2. c3 d5 3. exd5 Qxd5 4. d4 Nf6 5. Nf3 Bg4 6. dxc5 Qxc5 7. Na3 e6 8. Qa4+ Nbd7 9. Be3 Qc7 10. Nb5 Qc6 11. Nfd4 Qc8 12. Bf4 e5 13. Bxe5 Qc5 14. Nc7+ Kd8 15. Bxf6+ Kxc7 16. Nb5+ Kc8 17. Qxg4 gxf6 18. Rd1 Qe5+ 19. Be2 Qe6 20. 0-0 f5 21. Qc4+ Qxc4 22. Bxc4 Ne5 23. Rfe1 Bg7 24. Bd3 f4 25. Bf5+ Kb8 26. Rd5 a6 27. Nd6 f6 28. Be4 Kc7 29. Nxb7 Rab8 30. Nc5 Rb6 31. b4 Re8 32. Red1 Bf8 33. a4 a5 34. b5 f5 35. Bxf5 Rf6 36. Bxh7 f3 37. Be4 fxg2 38. Bxg2 Kb6 39. Rxe5 Bxc5 40. Rxe8 Rxf2 41. Kh1 1-0

[Event "Gibraltar Challengers Week2"]
[Site "Gibraltar"]
[Date "2007.02.01"]
[Round "5"]
[White "Sbia, Bachir"]
[Black "Dekker, Alain"]
[Result "0-1"]
[WhiteElo "1914"]
[BlackElo "2144"]
[PlyCount "68"]
[EventDate "2007.01.28"]
[EventType "swiss"]
[EventRounds "5"]
[EventCountry "ENG"]
[SourceTitle "EXT 2008"]
[Source "ChessBase"]
[SourceDate "2007.11.25"]
[SourceVersion "1"]
[SourceVersionDate "2007.11.25"]
[SourceQuality "1"]

1. Nf3 f5 2. d4 Nf6 3. Nc3 d5 4. Bg5 e6 5. Bxf6 Qxf6 6. Qd3 c6 7. g4 Bd6 8. g5 Qe7 9. h4 Nd7 10. 0-0-0 b5 11. e3 Nb6 12. Ne5 Bxe5 13. dxe5 Nc4 14. Qd4 0-0 15. Bxc4 bxc4 16. Ne2 c5 17. Qc3 Rb8 18. h5 Rd8 19. Nf4 Bd7 20. h6 g6 21. Rxd5 exd5 22. Nxd5 Qe6 23. Nf4 Qc6 24. Qxc4+ Kf8 25. Rd1 Qb6 26. b3 Bb5 27. Qc3 Rxd1+ 28. Kxd1 Kg8 29. e6 Qc7 30. Kc1 Rd8 31. Qf6 Rf8 32. Qc3 Bc6 33. Qxc5 Rc8 34. Qe5 Bd5 0-1

[Event "Gibraltar Challengers Week2"]
[Site "Gibraltar"]
[Date "2007.01.29"]
[Round "2"]
[White "Yarur Elsaca, Daniel"]
[Black "Dekker, Alain"]
[Result "0-1"]
[WhiteElo "1913"]
[BlackElo "2144"]
[PlyCount "56"]
[EventDate "2007.01.28"]
[EventType "swiss"]
[EventRounds "5"]
[EventCountry "ENG"]
[SourceTitle "EXT 2008"]
[Source "ChessBase"]
[SourceDate "2007.11.25"]
[SourceVersion "1"]
[SourceVersionDate "2007.11.25"]
[SourceQuality "1"]

1. e4 c5 2. Nf3 d6 3. d4 cxd4 4. Nxd4 Nf6 5. Nc3 a6 6. Be3 e6 7. f3 Be7 8. Qd2 Qc7 9. g4 b5 10. g5 Nfd7 11. 0-0-0 Nc6 12. h4 Nde5 13. h5 Bd7 14. f4 b4 15. fxe5 bxc3 16. Qxc3 dxe5 17. Nf3 0-0 18. Qd2 Rad8 19. Qh2 Nb4 20. Kb1 Ba4 21. Bd3 Rxd3 22. cxd3 Bc2+ 23. Ka1 Nxa2 24. Bd2 Qc6 25. Nxe5 Qa4 26. Nc4 Nc1+ 27. Na3 Bxa3 28. Rxc1 Bd6# 0-1

[Event "Gibraltar Masters"]
[Site "Gibraltar"]
[Date "2007.01.26"]
[Round "4"]
[White "Dekker, Alain"]
[Black "Rajlich, Iweta"]
[Result "1/2-1/2"]
[WhiteElo "2144"]
[BlackElo "2428"]
[PlyCount "136"]
[EventDate "2007.01.23"]
[EventType "swiss"]
[EventRounds "9"]
[EventCountry "ENG"]
[SourceTitle "CBM 116 Extra"]
[Source "ChessBase"]
[SourceDate "2007.03.07"]
[SourceVersion "1"]
[SourceVersionDate "2007.03.07"]
[SourceQuality "1"]

1. e4 e6 2. d4 d5 3. Nc3 Bb4 4. e5 c5 5. a3 Bxc3+ 6. bxc3 Nc6 7. Qg4 g6 8. Bd3 Qa5 9. Bd2 c4 10. Be2 Bd7 11. Nh3 0-0-0 12. 0-0 f5 13. Qh4 h6 14. Rfd1 Nge7 15. f4 g5 16. Qe1 Rdg8 17. a4 Ng6 18. Rdb1 Nd8 19. Rb4 Nf7 20. Bh5 Rg7 21. Kh1 Bc6 22. Qd1 Qd8 23. a5 g4 24. Ng1 Qh4 25. Bxg6 Rxg6 26. a6 b6 27. Ne2 g3 28. h3 Ng5 29. fxg5 hxg5 30. Qe1 f4 31. Qf1 Qg4 32. Ng1 Rgh6 33. Qf3 Rxh3+ 34. Nxh3 Rxh3+ 35. Kg1 Qxf3 36. gxf3 Rh2 37. Be1 Kc7 38. Rd1 Rxc2 39. Rbb1 Be8 40. Bd2 Bh5 41. Rbc1 Rb2 42. Rb1 Ra2 43. Ra1 Rxd2 44. Rxd2 Bxf3 45. Raa2 b5 46. Rdb2 Kb6 47. Rb4 Be4 48. Rab2 f3 49. Rxb5+ Kxa6 50. R5b4 f2+ 51. Rxf2 gxf2+ 52. Kxf2 Bf5 53. Kg3 Ka5 54. Kf3 Ka6 55. Ke3 Ka5 56. Rb7 Ka6 57. Rb8 Ka5 58. Rb7 Ka6 59. Rg7 g4 60. Kd2 Kb6 61. Kc1 a6 62. Kb2 Kb5 63. Ka3 Ka5 64. Rb7 Be4 65. Rg7 Bf5 66. Rg8 Kb5 67. Rb8+ Ka5 68. Rg8 Kb5 1/2-1/2

[Event "Gibraltar Masters"]
[Site "Gibraltar"]
[Date "2007.01.24"]
[Round "2"]
[White "Dekker, Alain"]
[Black "Bradford, Joseph M"]
[Result "1/2-1/2"]
[WhiteElo "2144"]
[BlackElo "2453"]
[PlyCount "77"]
[EventDate "2007.01.23"]
[EventType "swiss"]
[EventRounds "9"]
[EventCountry "ENG"]
[SourceTitle "CBM 116 Extra"]
[Source "ChessBase"]
[SourceDate "2007.03.07"]
[SourceVersion "1"]
[SourceVersionDate "2007.03.07"]
[SourceQuality "1"]

1. e4 e6 2. d4 d5 3. Nc3 Bb4 4. e5 c5 5. a3 Ba5 6. b4 cxd4 7. Nb5 Bc7 8. f4 Ne7 9. Bd3 a5 10. Nf3 axb4 11. 0-0 Bd7 12. Nfxd4 Nbc6 13. Nf3 h6 14. Bb2 0-0 15. Kh1 Bb6 16. Nh4 Bc5 17. a4 d4 18. Qh5 Be8 19. Qg4 f5 20. exf6 Rxf6 21. Rae1 Qd7 22. Bc4 Bf7 23. Rf3 Nf5 24. Rd3 Nxh4 25. Qxh4 e5 26. fxe5 Nxe5 27. Rxd4 Bxd4 28. Bxd4 Nxc4 29. Bxf6 gxf6 30. h3 Qd2 31. Re4 Qxc2 32. Nd4 Qc1+ 33. Kh2 Nd2 34. Rg4+ Kh7 35. Rg7+ Kxg7 36. Nf5+ Kf8 37. Qxb4+ Kg8 38. Qg4+ Kf8 39. Qb4+ 1/2-1/2